|
|
|
|
| LEADER |
00000nem a2200000 a 4500 |
| 001 |
vtls009005691 |
| 003 |
SK-MaSNL |
| 005 |
20260301170345.0 |
| 007 |
aj cazzn |
| 008 |
251029s2007 xo ag a 0 slo |
| 015 |
|
|
|a SNBC2010/01-00761
|
| 020 |
|
|
|a 9788080424961 (brož.)
|
| 034 |
1 |
|
|a a
|b 50000
|
| 040 |
|
|
|a SNK
|b slo
|c SNK
|e AACR2
|
| 041 |
0 |
|
|a slo
|
| 043 |
|
|
|a e-xo---
|
| 044 |
|
|
|a xo
|c SK
|
| 072 |
|
7 |
|a 913(4)
|x Geografia Európy, reálie, cestovanie
|2 konspekt
|
| 080 |
|
|
|a 796.51
|2 2001
|
| 080 |
|
|
|a (234.372.4)
|2 2001
|
| 080 |
|
|
|a 913(437.6-191.2)
|2 2001
|
| 080 |
|
|
|a 912.43:796.5
|2 2001
|
| 080 |
|
|
|a (084.3)
|2 2001
|
| 110 |
2 |
|
|a Vojenský kartografický ústav (Harmanec, Slovensko)
|4 aut
|9 32777
|
| 245 |
1 |
0 |
|a Slovenský raj
|h kartografický dokument
|b turistická mapa
|c vydala, spracovala a vytlačila VKÚ Harmanec
|
| 250 |
|
|
|a 6. vyd.
|
| 255 |
|
|
|a Mierka 1:50 000
|
| 260 |
|
|
|a Harmanec
|b Vojenský kartografický ústav
|c 2007
|
| 300 |
|
|
|a 1 mapa
|b fareb.
|c 76 x 58 cm, zložené na 20 x 13 cm
|e 1 textová príl. (46 s. ; 20 cm) + 1 pomôcka na meranie
|
| 490 |
1 |
|
|a Edícia turistických máp 1:50 000
|v 124
|
| 500 |
|
|
|a Zložené v spoločnom plastovom obale
|
| 500 |
|
|
|a V textovej prílohe turisticko-vlastivedný text a popis vybraných turistických trás
|
| 650 |
0 |
7 |
|a pešia turistika
|2 SNKPH
|9 1059
|
| 651 |
|
7 |
|a Slovenský raj (Slovensko : pohorie)
|2 SNKPH
|9 65478
|
| 655 |
|
7 |
|a turistické mapy
|2 SNKPH
|9 70551
|
| 655 |
|
7 |
|a skladané mapy
|2 SNKPH
|9 304180
|
| 655 |
|
7 |
|a mapy pre verejnosť
|2 SNKPH
|9 304181
|
| 830 |
|
0 |
|a Edícia turistických máp 1:50 000
|9 315784
|
| 919 |
|
|
|a 978-80-8042-496-1
|
| 999 |
|
|
|c 827331
|d 829261
|
| 952 |
|
|
|a SNK
|b SNK
|y PREZ
|7 0
|p 17A0558103
|o snkSLCm 2613
|i snk2007/17014
|8 0
|3 Príloha: 1 brožúra (46 s.)
|0 0
|1 0
|4 0
|d 2007-07-09
|l 0
|r 2026-02-24 03:26:06
|w 2026-02-24
|
| 952 |
|
|
|a SNK
|b SNK
|y PREZ
|7 0
|p 17A0558102
|o snkSLCm 2613/pril.
|i snk2007/17014
|8 0
|3 Príloha: 1 brožúra (46 s.)
|z Príloha
|0 0
|1 0
|4 0
|d 2007-07-09
|l 0
|r 2026-02-24 03:26:06
|w 2026-02-24
|
| 952 |
|
|
|a SNK
|b SNK
|y VYP
|7 0
|p 17A0558133
|o snkSLCm 2613 D1
|i snk2007/17015
|8 0
|3 Príloha: 1 brožúra (46 s.)
|0 0
|1 0
|4 0
|d 2007-07-09
|l 0
|r 2026-02-24 03:26:06
|w 2026-02-24
|
| 952 |
|
|
|a SNK
|b SNK
|y VYP
|7 0
|p 17A0558132
|o snkSLCm 2613/pril. D1
|i snk2007/17015
|8 0
|3 Príloha: 1 brožúra (46 s.)
|z Príloha
|0 0
|1 0
|4 0
|d 2007-07-09
|l 0
|r 2026-02-24 03:26:06
|w 2026-02-24
|